| 000 | 00000nam 2200000zi 4500 |
| 001 | 9.939643 |
| 003 | CaOODSP |
| 005 | 20250605091749 |
| 006 | m o d f |
| 007 | cr bn |||||||| |
| 008 | 240621s2024 onc ol f000 0 fre d |
| 040 | |aCaOODSP|bfre|erda|cCaOODSP |
| 041 | |afre|aeng |
| 043 | |an-cn--- |
| 086 | 1 |aXB441-410/1-PDF |
| 110 | 1 |aCanada. |bParlement. |bChambre des communes, |eorganisme de publication. |
| 245 | 13|aAn act to amend the Income Tax Act (campgrounds) = |bLoi modifiant la Loi de l'impôt sur le revenu (terrains de camping). |
| 246 | 11|aLoi modifiant la Loi de l'impôt sur le revenu (terrains de camping) |
| 264 | 1|a[Ottawa] : |bHouse of Commons of Canada = Chambre des communes du Canada, |c2024. |
| 300 | |a1 ressource en ligne (ii, 1 page). |
| 336 | |atexte|btxt|2rdacontent/fre |
| 337 | |ainformatique|bc|2rdamedia/fre |
| 338 | |aressource en ligne|bcr|2rdacarrier/fre |
| 490 | 1 |aProjet de loi C- ... ; |vProjet de loi C-410, 1re session, 44e législature |
| 500 | |a« Mme. Rood. » |
| 500 | |aTitre de la couverture. |
| 500 | |a« Première lecture le 19 juin 2024. » |
| 500 | |a« Première session, quarante-quatrième législature, 70-71 Elizabeth II-1-2 Charles III, 2021-2022-2023-2024. » |
| 520 | |a« Le texte modifie la Loi de l'impôt sur le revenu afin d'exclure les terrains de camping de la définition de « entreprise de placement déterminée » » -- Sommaire, page ii. |
| 546 | |aTexte en français et en anglais. |
| 610 | 16|aCanada. |tLoi de l'impôt sur le revenu. |
| 650 | 6|aTerrains de camping|xDroit|zCanada|vLégislation. |
| 655 | 7|aProjets de loi|2rvmgf |
| 788 | |tAn act to amend the Income Tax Act (campgrounds) = |eeng|w(CaOODSP)9.939642 |
| 830 | #0|aProjet de loi C-...|vProjet de loi C-410, 1re session, 44e législature.|w(CaOODSP)9.500660 |
| 856 | 40|qPDF|s114 Ko|uhttps://publications.gc.ca/collections/collection_2024/parl/XB441-410-1.pdf |
| 856 | 4 |qHTML|sS.O.|uhttps://www.parl.ca/documentviewer/fr/44-1/projet-loi/C-410/premiere-lecture |
| 986 | |a441370 |